Statistics for Liverpool Best Scorer By Year

Click here to take the quiz!

General Stats

  • This quiz has been taken 2,353 times
    (390 since last reset)
  • The average score is 13 of 26

Answer Stats

Player% Correct
Mohamed Salah
100%
Sadio Mané
99%
Steven Gerrard
94%
Luis Suárez
94%
Michael Owen
87%
Roberto Firmino
85%
Fernando Torres
84%
Ian Rush
83%
Robbie Fowler
81%
Kenny Dalglish
78%
Philippe Coutinho
68%
Dirk Kuyt
56%
John Barnes
52%
Kevin Keegan
46%
Milan Baroš
45%
Roger Hunt
37%
John Aldridge
33%
John Toshack
22%
Billy Liddell
21%
David Johnson
14%
Terry McDermott
12%
Dean Saunders
10%
John Wark
7%
Alun Evans
5%
Sammy Smyth
2%
Bobby Graham
1%

Score Distribution

Percentile by Number Answered

Percent of People with Each Score

Your Score History

You have not taken this quiz since the last reset